El plástico en la industria : (Registro nro. 707)

Detalles MARC
000 -LEADER
campo de control de longitud fija 04997nam a22008657a 4500
001 - NÚMERO DE CONTROL
campo de control 42835
003 - IDENTIFICADOR DE NÚMERO DE CONTROL
campo de control gtgccic
005 - FECHA Y HORA DE LA ÚLTIMA TRANSACCIÓN
campo de control 20250725131754.0
007 - CAMPO FIJO DE DESCRIPCIÓN FÍSICA--INFORMACIÓN GENERAL
campo de control de longitud fija ta
008 - DATOS DE LONGITUD FIJA--INFORMACIÓN GENERAL
campo de control de longitud fija 250725b mx ||||| |||| 00| 0 spa d
020 ## - NÚMERO INTERNACIONAL ESTÁNDAR DEL LIBRO
Número Internacional Estándar del Libro 9688871354 (v. 1)
020 ## - NÚMERO INTERNACIONAL ESTÁNDAR DEL LIBRO
Número Internacional Estándar del Libro 9688871362 (v. 2)
020 ## - NÚMERO INTERNACIONAL ESTÁNDAR DEL LIBRO
Número Internacional Estándar del Libro 9688871370 (v. 3)
020 ## - NÚMERO INTERNACIONAL ESTÁNDAR DEL LIBRO
Número Internacional Estándar del Libro 9688871389 (v. 4)
020 ## - NÚMERO INTERNACIONAL ESTÁNDAR DEL LIBRO
Número Internacional Estándar del Libro 9688871397 (obra completa)
040 ## - FUENTE DE CATALOGACIÓN
Centro catalogador/agencia de origen gtgccic
Lengua de catalogación spa
Centro/agencia transcriptor gtgccic
Centro/agencia modificador gtgccic
Normas de descripción rda
082 ## - NÚMERO DE LA CLASIFICACIÓN DECIMAL DEWEY
Número de clasificación 668.419 P715 v. 1
082 ## - NÚMERO DE LA CLASIFICACIÓN DECIMAL DEWEY
Número de clasificación 668.419 P715 v. 2
082 ## - NÚMERO DE LA CLASIFICACIÓN DECIMAL DEWEY
Número de clasificación 668.419 P715 v. 3
082 ## - NÚMERO DE LA CLASIFICACIÓN DECIMAL DEWEY
Número de clasificación 668.419 P715 v. 4
100 1# - ENTRADA PRINCIPAL--NOMBRE DE PERSONA
Nombre de persona Walter Mink
Término indicativo de función/relación Autor (v. 1, v. 2)
100 1# - ENTRADA PRINCIPAL--NOMBRE DE PERSONA
Nombre de persona G. Mengues / G. Mohren
Término indicativo de función/relación Autores (v. 3)
100 1# - ENTRADA PRINCIPAL--NOMBRE DE PERSONA
Nombre de persona G. Kühne
Término indicativo de función/relación Autor (v. 4)
100 1# - ENTRADA PRINCIPAL--NOMBRE DE PERSONA
Nombre de persona Luis Asensi Mestre
Término indicativo de función/relación Autor versión castellana
245 ## - MENCIÓN DEL TÍTULO
Título El plástico en la industria :
Resto del título Tratado práctico /
250 ## - MENCION DE EDICION
Mención de edición Título de la obra original
Resto de la mención de edición Grundzüge der Spritzgiesstechnik
264 ## - PRODUCCIÓN, PUBLICACIÓN, DISTRIBUCIÓN, FABRICACIÓN Y COPYRIGHT
Producción, publicación, distribución, fabricación y copyright México :
Nombre del de productor, editor, distribuidor, fabricante Ediciones G. Gilli ;
Fecha de producción, publicación, distribución, fabricación o copyright 1990
300 ## - DESCRIPCIÓN FÍSICA
Extensión 224 p. :
Otras características físicas il.
Dimensiones 24 cm
300 ## - DESCRIPCIÓN FÍSICA
Extensión 476 p. :
Otras características físicas il.
Dimensiones 24 cm
300 ## - DESCRIPCIÓN FÍSICA
Extensión 217 p. :
Otras características físicas il.
Dimensiones 24 cm
300 ## - DESCRIPCIÓN FÍSICA
Extensión 276 p.
Otras características físicas il.
Dimensiones 24 cm
336 ## - TIPO DE CONTENIDO
Fuente rdacontenido
Término de tipo de contenido texto
Código de tipo de contenido txt
337 ## - TIPO DE MEDIO
Fuente rdamedio
Nombre/término del tipo de medio sin mediación
Código del tipo de medio n
338 ## - TIPO DE SOPORTE
Fuente rdasoporte
Nombre/término del tipo de soporte volumen
Código del tipo de soporte nc
505 ## - NOTA DE CONTENIDO CON FORMATO
Información miscelánea TOMO 1
Mención de responsabilidad W. Mink
Título INYECCIÓN DE PLÁSTICOS
505 ## - NOTA DE CONTENIDO CON FORMATO
Título 1. TÉCNICA DEL PROCESO
505 ## - NOTA DE CONTENIDO CON FORMATO
Título 2. MÁQUINAS DE INYECCIÓN
505 ## - NOTA DE CONTENIDO CON FORMATO
Título 3. SISTEMAS DE PLASTIFICACIÓN
505 ## - NOTA DE CONTENIDO CON FORMATO
Título 4. CALEFACCIÓN Y REGULACIÓN DE TEMPERATURA
505 ## - NOTA DE CONTENIDO CON FORMATO
Título 5. DISPOSITIVOS ADICIONALES
505 ## - NOTA DE CONTENIDO CON FORMATO
Título 6. PROCEDIMIENTOS ESPECIALES DE ELABORACIÓN
505 ## - NOTA DE CONTENIDO CON FORMATO
Título 7. PIEZA Y MOLDE
505 ## - NOTA DE CONTENIDO CON FORMATO
Título 8. MOLDES DE INYECCIÓN
505 ## - NOTA DE CONTENIDO CON FORMATO
Título 9. CIRCUNSTANCIAS QUE INFLUYEN EN EL TRABAJO Y SUS CAUSAS
505 ## - NOTA DE CONTENIDO CON FORMATO
Título 10. TRATAMIENTO POSTERIOR DE LAS PIEZAS
505 ## - NOTA DE CONTENIDO CON FORMATO
Título 11. TRATAMIENTO DEL MATERIAL EN BRUTO
505 ## - NOTA DE CONTENIDO CON FORMATO
Información miscelánea TOMO 3
Mención de responsabilidad G. Mengues / G. Mohren
Título MOLDES PARA INYECCIÓN
505 ## - NOTA DE CONTENIDO CON FORMATO
Título 1. MATERIALES PARA LA CONSTRUCCIÓN DE MOLDES
505 ## - NOTA DE CONTENIDO CON FORMATO
Título 2. ELABORACIÓN DE LOS MATERIALES PARA MOLDES
505 ## - NOTA DE CONTENIDO CON FORMATO
Título 3. EL MOLDE DE INYECCIÓN
505 ## - NOTA DE CONTENIDO CON FORMATO
Título 4. REALIZACIÓN PRÁCTICA DE LOS SISTEMAS DE LLENADO
505 ## - NOTA DE CONTENIDO CON FORMATO
Título 5. TIPOS DE MAZAROTAS Y CANALES U ORIFICIOS DE ENTRADA
505 ## - NOTA DE CONTENIDO CON FORMATO
Título 6. SALIDA DEL AIRE DE LOS MOLDES
505 ## - NOTA DE CONTENIDO CON FORMATO
Título 7. ENFRIAMIENTO ADECUADO DEL MOLDE
505 ## - NOTA DE CONTENIDO CON FORMATO
Título 8. DESMOLDEO DE LAS PIEZAS OBTENIDAS POR INYECCIÓN
505 ## - NOTA DE CONTENIDO CON FORMATO
Título 9. ELEMENTOS DE CENTRADO Y DE GUÍA DE LOS MOLDES
505 ## - NOTA DE CONTENIDO CON FORMATO
Título 10. INYECCIÓN A PRESIÓN CON ESTAMPADO
505 ## - NOTA DE CONTENIDO CON FORMATO
Título 11. NORMALIZACIÓN PARA MOLDES
505 ## - NOTA DE CONTENIDO CON FORMATO
Título 12. MEDIDAS PARA ELIMINAR DEFECTOS DE ELABORACIÓN CAUSADOS POR UNA CONSTRUCCIÓN ERRÓNEA DEL MOLDE
505 ## - NOTA DE CONTENIDO CON FORMATO
Información miscelánea TOMO 4
Mención de responsabilidad G. Kühne
Título ENVASES Y EMPAQUES
505 ## - NOTA DE CONTENIDO CON FORMATO
Título 1. MISIONES DEL EMBALAJE
505 ## - NOTA DE CONTENIDO CON FORMATO
Título 2. PROCEDIMIENTOS DE FABRICACIÓN
505 ## - NOTA DE CONTENIDO CON FORMATO
Título 3. DIVERSOS TIPOS DE CIERRE
505 ## - NOTA DE CONTENIDO CON FORMATO
Título 4. PRODUCTOS AUXILIARES PARA EL EMBALADO
505 ## - NOTA DE CONTENIDO CON FORMATO
Título 5. CONSIDERACIIONES TECNOLÓGICAS Y ECONÓMICAS
505 ## - NOTA DE CONTENIDO CON FORMATO
Título 6. INSTALACIONES DE EMBALADO
505 ## - NOTA DE CONTENIDO CON FORMATO
Título 7. MARCADO Y DECORACIÓN
520 ## - RESUMEN, ETC.
Sumario, etc. La elaboración de materias termoplásticas por el proceso de inyección ofrece amplias posibilidades de racionalización desde el punto de vista de producción económica, y se extiende a un dilatado campo de aplicación. El desarrollo del proceso de inyección fue influido necesariamente por el desarrollo de materias termoplásticas y fue acompañado, ya desde sus primeros tiempos, por la exigencia de adaptar la técnica a las particularidades de elaboración de los nuevos plásticos que aparecían en el mercado. Las principales ventajas del procedimiento de inyección residen en el ahorro del material, espacio de fabricación y tiempo de producción. Pese a los costes de instalaciones, moldes y producción, el proceso ofrece considerables ventajas económicas, ya a partir de series superiores a mil piezas.<br/>Para la elaboración de altos polímeros por el proceso de inyección, son indispensables moldes de gran calidad, con una elaboración muy precisa, y que deben presentar una elevada duración. Estos moldes se fabrican actualmente en acero, metales no férricos y materiales de colada no metálicos, obtenidos galvánicamente, en el futuro quizá también se construyan a base de materiales cerámicos.<br/>El consumo de plásticos para el envasado y embalaje de bienes de consumo presenta un constante crecimiento. Los cálculos estadísticos sobre la utilización de la producción global de los plásticos fabricados en el mundo permiten descubrir un aumento general en el sector del embalaje. Los pronósticos de las asociaciones profesionales y de la industria de materias primas predicen más bien una tendencia creciente que un estancamiento.
650 ## - PUNTO DE ACCESO ADICIONAL DE MATERIA--TÉRMINO DE MATERIA
Término de materia o nombre geográfico como elemento de entrada PLÁSTICOS
650 ## - PUNTO DE ACCESO ADICIONAL DE MATERIA--TÉRMINO DE MATERIA
Término de materia o nombre geográfico como elemento de entrada INDUSTRIA DEL PLÁSTICO
650 ## - PUNTO DE ACCESO ADICIONAL DE MATERIA--TÉRMINO DE MATERIA
Término de materia o nombre geográfico como elemento de entrada PROCESAMIENTO DEL PLÁSTICO
700 ## - ENTRADA AGREGADA--NOMBRE PERSONAL
Nombre de persona Juli Vivas
Fechas asociadas al nombre Diseño sobrecubierta
942 ## - ELEMENTOS DE ENTRADA SECUNDARIOS (KOHA)
Fuente de la clasificación o esquema de estantería Clasificación Decimal Dewey
Tipo de ítem Koha Libros
Suprimir en OPAC No
945 ## - PROCESAMIENTO DE INFORMACIÓN LOCAL (OCLC)
a amlo
Existencias
Estatus retirado Estado de pérdida Fuente de la clasificación o esquema de estantería Estado de daño No para préstamo Biblioteca de origen Biblioteca actual Ubicación en estantería Fecha de adquisición Fuente de adquisición Número de inventario Total de préstamos Signatura topográfica completa Código de barras Visto por última vez Copia número Precio de reemplazo Tipo de ítem Koha
    Clasificación Decimal Dewey     CENTRO DE INFORMACIÓN A LA CONSTRUCCIÓN-CICON CENTRO DE INFORMACIÓN A LA CONSTRUCCIÓN-CICON Colección general 25/07/2025 compra 8.3.01.H.10029/97   668.419 P715 v. 1 Cicon8.3.01.H.10029/ 25/07/2025 1 25/07/2025 Libros
    Clasificación Decimal Dewey     CENTRO DE INFORMACIÓN A LA CONSTRUCCIÓN-CICON CENTRO DE INFORMACIÓN A LA CONSTRUCCIÓN-CICON Colección general 25/07/2025 compra 8.3.01.H.10030/97   668.419 P715 v. 2 Cicon8.3.01.H.10030/ 25/07/2025 1 25/07/2025 Libros
    Clasificación Decimal Dewey     CENTRO DE INFORMACIÓN A LA CONSTRUCCIÓN-CICON CENTRO DE INFORMACIÓN A LA CONSTRUCCIÓN-CICON Colección general 25/07/2025 compra 8.3.01.H.10031/97   668.419 P715 v. 3 Cicon8.3.01.H.10031/ 25/07/2025 1 25/07/2025 Libros
    Clasificación Decimal Dewey     CENTRO DE INFORMACIÓN A LA CONSTRUCCIÓN-CICON CENTRO DE INFORMACIÓN A LA CONSTRUCCIÓN-CICON Colección general 25/07/2025 compra 8.3.01.H.10032/97   668.419 P715 v. 4 Cicon8.3.01.H.10032/ 25/07/2025 1 25/07/2025 Libros